00571pam a2200169 a 4500020001500000040000800015082002600023100002400049245006100073260003100134300003500165500004000200500002000240650002000260856005500280856006600335 a0471857742 cDLC00a658 WIL 1987 A055 Or.1 aMessina, William S.10aStatistical quality control for manufacturing managers / aNew York :bWiley,cc1987. axiii, 331 p. :bill. ;c24 cm. a"A Wiley-Interscience publication." aIncludes index. 0aQuality control4 uhttp://www.loc.gov/catdir/toc/onix01/86034022.html42uhttp://www.loc.gov/catdir/enhancements/fy0706/86034022-d.html